Sloved Question Papers for 1st Year General Nursing and Midwifery Course: 2008 To 2022 (Record no. 357978)

MARC details
000 -LEADER
fixed length control field 00625nam a22001937a 4500
005 - DATE AND TIME OF LATEST TRANSACTION
control field 20240527141949.0
008 - FIXED-LENGTH DATA ELEMENTS--GENERAL INFORMATION
fixed length control field 240527b |||||||| |||| 00| 0 eng d
020 ## - INTERNATIONAL STANDARD BOOK NUMBER
International Standard Book Number 978-9386006-40-0
041 ## - LANGUAGE CODE
Language code of text/sound track or separate title eng
082 ## - DEWEY DECIMAL CLASSIFICATION NUMBER
Edition number 6th
Classification number GN 610 BHA B11002
Item number BHA
100 ## - MAIN ENTRY--PERSONAL NAME
Author Bhaskara Raj D E
245 ## - TITLE STATEMENT
Title Sloved Question Papers for 1st Year General Nursing and Midwifery Course: 2008 To 2022
250 ## - EDITION STATEMENT
Edition statement 6th
260 ## - PUBLICATION, DISTRIBUTION, ETC.
Place of publication, distribution, etc. Bangalore
Name of publisher, distributor, etc. EMMESS Medical Pub.
Date of publication, distribution, etc. 2022
300 ## - PHYSICAL DESCRIPTION
Extent 666p
Other physical details Pb
Dimensions 27X21cm
365 ## - TRADE PRICE
Price type code Rupaye
Price amount 795.00
Currency code INR
521 ## - TARGET AUDIENCE NOTE
Target audience note 1st Year<br/>GNM Nursing<br/>Solved Question Papers<br/>By Bhaskara Raj D E
942 ## - ADDED ENTRY ELEMENTS (KOHA)
Koha item type Books
Holdings
Withdrawn status Lost status Source of classification or shelving scheme Damaged status Not for loan Home library Current library Date acquired Vendor Net Price Bill number Full call number Barcode Date last seen Discount Actual Price Bill Date Koha item type Original Barcode
    Dewey Decimal Classification   Reference Smt. Bakul Tambat Institute of Nursing Education Smt. Bakul Tambat Institute of Nursing Education 27/05/2024 Varad Enterprises 795.00 11/2024-25 GN 610 BHA B11002 BTIN-BK-11002 27/05/2024 254.40 540.60 25/05/2024 Books BTIN-BK-11002
    Dewey Decimal Classification   Reference Smt. Bakul Tambat Institute of Nursing Education Smt. Bakul Tambat Institute of Nursing Education 27/05/2024 Varad Enterprises 795.00 11/2024-25 GN 610 BHA B11003 BTIN-BK-11003 27/05/2024 254.40 540.60 25/05/2024 Books BTIN-BK-11003